Music Quiz

Random Music or Kpop Quiz

Name the K-Pop Girl Groups Quiz Stats

 Plays Quiz not verified by Sporcle

Challenge
Share
Tweet
Embed
Score 0/56 Timer 10:00
0 Plays Today
Hint Answer % Correct
2015Twice
90.1%
20092NE1
88.5%
2014Red Velvet
88%
2016BLACKPINK
87%
2007Wonder Girls
85.3%
2016I.O.I
80.6%
2009f(x)
78.9%
2015GFriend
78.9%
20094minute
78.4%
2010Sistar
77.8%
2010Miss A
76.7%
2007Kara
76%
2011APink
75.8%
2017Pristin
75.1%
2012AOA
74.6%
2009T-ARA
74%
2017Weki Meki
73%
2014Mamamoo
72.7%
2016Gugudan
69.4%
2016Momoland
69.3%
2007Girls Generation
68.7%
2015CLC
68.2%
2010Girls Day
68.1%
2009After School
67.5%
2012EXID
67.1%
2016Cosmic Girls
67.1%
2006Brown Eyed Girls
65.6%
2014Lovelyz
64.7%
Hint Answer % Correct
2015Oh My Girl
63.5%
2014Sonamoo
53.4%
2009Secret
48.9%
2009Rainbow
48.7%
2017Dream Catcher
48.3%
2015April
48.1%
2011Stellar
46.8%
2011Dal Shabet
46.3%
2012Hello Venus
45.8%
2012Fiestar
45.2%
2018Loona
45.1%
2010Nine Muses
43.3%
2012Crayon Pop
42.5%
2010Orange Caramel
40.3%
2013Ladies Code
39.8%
2008Davichi
36%
2013BESTie
34.1%
2012Spica
33.3%
2011Brave Girls
32.2%
2011RaNia
23.9%
22.1%
2015PLAYBACK
20.1%
2012EvoL
17.7%
2012Tiny G
17.4%
2012Tahiti
16.1%
2011Chocolat
14.8%
2013Wassup
13.6%
2010GP Basic
6.7%

You're not logged in!

Compare scores with friends on all Sporcle quizzes.
OR
Log In

You Might Also Like...

Show Comments

Extras

Created Feb 24, 2018ReportNominate
Tags:Kpop Quiz, k-pop, kpop idol, Kpop Quiz

Top Quizzes Today


Score Distribution

Your Account Isn't Verified!

In order to create a playlist on Sporcle, you need to verify the email address you used during registration. Go to your Sporcle Settings to finish the process.

Report this User

Report this user for behavior that violates our Community Guidelines.

Details: